| 000 | 00515nam a2200181Ia 4500 | ||
|---|---|---|---|
| 008 | 240925s9999 xx 000 0 und d | ||
| 020 | _a9789696372240 | ||
| 082 | _a808.0666 ATA | ||
| 100 | _aAta, Muhammad. | ||
| 245 | 2 | _aA Handbook on official correspondence for all occasions | |
| 250 | _a1st | ||
| 260 |
_aKarachi: _bParamount Publishing Enterprise _c,2016. |
||
| 300 |
_a420p. _bNA _fOriginal |
||
| 500 | _aIncludes Index | ||
| 600 | _aHumanities & Natural Science | ||
| 650 | _aLiterature | ||
| 942 | _cBK | ||
| 999 |
_c14774 _d14774 |
||